| 000 | 01104nam0a22002411 4500 | ||
|---|---|---|---|
| 001 | rc\1126616 | ||
| 005 | 20260407135055.0 | ||
| 035 | _a(NLR Aleph) 006368731 | ||
| 090 |
_a4975383 _c4975383 |
||
| 100 | _a20041126d1981 |||y0rusy50 ca | ||
| 101 | 0 | _arus | |
| 102 | _aRU | ||
| 105 | _aa ||||||||| | ||
| 200 | 1 |
_aРуководство по организации управления производственными запасами материальных ресурсов на строительстве магистральных трубопроводов _eР413-81 _e[Утв. ВНИИСТом 16.01.81 _eСрок введ. 01.04.81] |
|
| 210 |
_aМ. _cВНИИСТ _d1981 |
||
| 215 |
_a19 с. _cил. _d20 |
||
| 300 | _aВ надзаг.: М-во стр-ва предприятий нефт. и газовой пром-сти... | ||
| 712 | 0 | 2 |
_aВНИИ по строительству магистральных трубопроводов _3RU\NLR\AUTH\8810003598 _9504477 |
| 801 | 0 |
_aRU _bNLR _gpsbo |
|
| 801 | 1 |
_aRU _bELAR _2rusmarc |
|
| 852 |
_aNLR _bПт _j80/460-413-81 |
||
| 942 | _cBOOK | ||
| 980 | _aNB | ||